000 00370 a2200169 4500
001 179501
020 _a85-08-02835-0
040 _cMagnum
100 _aMasur, Jandira
240 1 0 _aO frio pode ser quente?
_lpor
245 1 0 _aO frio pode ser quente?
300 _a32
362 0 _a2006
440 1 _aÁtica
697 _aLITERATURA INFANTO-JUVENIL
942 _cBK
999 _c179501
_d179501